000 00830nam a2200217Ia 4500
003 GCL
005 20240530102354.0
008 140319s9999 xx 000 0 ara d
040 _aGCL /
_cGCL
082 0 4 _a414.3
_bم ا
100 1 _4محمد عبد المنعم خفاجى
245 1 0 _aالاسلوبية والبيان العربى
_cتاليف محمد عبد المنعم خفاجى ، محمد السعدى فرهود ، عبدالعزيز شرف
260 _a[ القاهرة ] :
_bالدار المصرية اللبنانية ،
_c1992
300 _a174 ص؛
_b24 سم
650 0 4 _aالنقد الحديث
650 0 4 _aالبديع
650 0 4 _aعبد القاهر البلاغى
700 _aمحمد السعدى فرهود
_4مؤلف
700 _aعبدالعزيز شرف
_4مؤلف
942 _2ddc
_cBK
999 _c31780
_d31780